[Event "Titled Tuesday intern op 07th May Early"]
[Site "Chess.com INT"]
[Date "2024.05.07"]
[Round "1"]
[White "Mestnikov, Aisen"]
[Black "Narayanan, Srinath"]
[Result "0-1"]
[WhiteElo "2078"]
[BlackElo "2535"]
[PlyCount "36"]
[EventDate "2024.05.07"]
[EventType "swiss (blitz)"]
[EventRounds "11"]
[EventCountry "USA"]
[SourceTitle "EXT 2025"]
[Source "ChessBase"]
[SourceDate "2024.10.14"]
[SourceVersion "1"]
[SourceVersionDate "2024.10.14"]
[SourceQuality "1"]

1. d4 f5 2. g3 Nf6 3. Bg2 g6 4. Nd2 Bg7 5. e4 Nxe4 6. Nxe4 fxe4 7. Bxe4 0-0 8. Ne2 d5 9. Bg2 Nc6 10. 0-0 Bg4 11. c3 Qd7 12. Be3 Rad8 13. Qd2 e5 14. dxe5 Nxe5 15. Bd4 Nf3+ 16. Bxf3 Bxf3 17. Nf4 Bh6 18. Qe3 Rxf4 0-1